000 01348nam a22003617a 4500
003 CHAP
005 20220329133822.0
008 971013s r 00010 d
010 _a11340
011 _a12312
035 _a14987
040 _cCHAP
082 _a636.3
_bE8
110 _aEspaña. Dirección General de la Producción Agraria
_937708
245 _aComplejos de ganado ovino
260 _aMadrid :
_bMinisterio de Agricultura,
_c(s.a.)
300 _a155 p.
_b: ilus.
590 _aBATCH-UPD
_b10
_c20130110
_lUCH01
_h2107
590 _aBATCH-UPD
_b10
_c20130410
_lUCH01
_h1419
590 _aBATCH-UPD
_b10
_c20130914
_lUCH01
_h1455
590 _aCONVERSION
_b10
_c20130109
_lUCH01
_h1307
650 1 4 _aGanadería
_xLeyes
_xEspaña.
_944817
650 1 4 _aGanado lanar.
_945150
650 1 4 _aGanado lanar
_zEspaña.
_945234
901 _aBK
942 _cLIBRO
949 _a636.3 E8
_bBC
_cLIBRO
_d33724000113452
_eLIBRO
_gI. c/e
_h50663
_i14987
_si
949 _a636.3 E8
_bBC
_cLIBRO
_d33724000113460
_eLIBRO
_fc.3
_h50665
_i14987
_si
949 _a636.3 E8
_bBC
_cLIBRO
_d33724000113478
_eLIBRO
_fc.4
_h71751
_i14987
_si
949 _a636.3 E8
_bBC
_cLIBRO
_d33724000113494
_eLIBRO
_fc.2
_h50664
_i14987
_si
949 _a636.3 E8
_bBC
_cLIBRO
_d33724000940136
_eLIBRO
_fc.5
_gI. c/e
_h71752
_i14987
_si
949 _a636.3 E8
_bZ
_cLIBRO
_d-27179
_eLIBRO
_h473
_i14987
_si
999 _c11340
_d11340